Neobyčajná úloha

Bibliographic Details
Main Author: Marková, Mária (Author)
Format: Article
Language:Slovak
Subjects:

MARC

LEADER 00000nab a2200000 a 4500
001 vtls000089553
003 SK-MaSNL
005 20260303032139.0
008 111103c1981 xo 0 slo
015 |a SNBRB19rr/mm-uuuuu 
035 |a CL0099656 
040 |a SNKBUCL  |b slo  |c SNKBUCL  |e AACR2 
041 0 |a slo 
044 |a xo  |c SK 
080 |a 885.4-7  |2 1981 
100 1 |a Marková, Mária  |4 aut  |9 589598 
245 1 0 |a Neobyčajná úloha  |c Mária Marková 
650 0 7 |a fejtóny humoristické  |2 snkbucl  |9 900451 
655 7 |a články z novín a časopisov  |2 snkbucl  |9 267496 
655 7 |a články z odboru literárna veda a krásna literatúra  |2 snkbucl  |9 770045 
773 0 |t Nedeľná Pravda  |g Roč. 14, č. 19 (1981), s. 16 
850 |a Slovenská národná knižnica v Martine  |a MTA001 
852 |a SNK  |b KIS3GCP 
958 |a RK 
958 |a LX 
992 |a RBX 
999 |c 1662613  |d 1664543